| 000 | 01195nam a2200301 a 4500 | ||
|---|---|---|---|
| 001 | ebr10690878 | ||
| 003 | CaPaEBR | ||
| 006 | m u | ||
| 007 | cr cn||||||||| | ||
| 008 | 130125s2013 nyua sb 001 0 eng d | ||
| 010 | _z 2013931700 | ||
| 020 | _z9783034309066 (alk. paper) | ||
| 020 | _z9783035303438 (e-book) | ||
| 040 |
_aCaPaEBR _cCaPaEBR |
||
| 035 | _a(OCoLC)842884854 | ||
| 050 | 1 | 4 |
_aHV1568 _b.C35 2013eb |
| 100 | 1 | _aCallus, Anne-Marie. | |
| 245 | 1 | 0 |
_aBecoming self-advocates _h[electronic resource] : _bpeople with intellectual disability seeking a voice / _cAnne-Marie Callus. |
| 260 |
_aNew York : _bPeter Lang, _c2013. |
||
| 300 |
_ax, 296 p. : _bill. |
||
| 504 | _aIncludes bibliographical references and index. | ||
| 533 |
_aElectronic reproduction. _bPalo Alto, Calif. : _cebrary, _d2013. _nAvailable via World Wide Web. _nAccess may be limited to ebrary affiliated libraries. |
||
| 650 | 0 | _aPeople with disabilities. | |
| 650 | 0 | _aSelf-help techniques. | |
| 655 | 7 |
_aElectronic books. _2local |
|
| 710 | 2 | _aebrary, Inc. | |
| 856 | 4 | 0 |
_uhttp://site.ebrary.com/lib/rucke/Doc?id=10690878 _zAn electronic book accessible through the World Wide Web; click to view |
| 999 |
_c11123 _d11123 |
||